[Event "Benidorm 2003 - sub2300"]
[Site "Benidorm ESP"]
[Date "2003.11.25"]
[Round "6.47"]
[White "Milla de Marco, Carlos"]
[Black "Garcia Amoros, Pablo"]
[Result "1/2-1/2"]
[WhiteElo "2123"]
[BlackElo "2211"]
[PlyCount "60"]
[EventDate "2003.11.21"]
[EventType "swiss"]
[EventRounds "9"]
[EventCountry "ESP"]
[Source "lmi"]
[SourceDate "2003.11.21"]

1. e4 c5 2. Nc3 Nc6 3. g3 g6 4. Bg2 Bg7 5. d3 d6 6. Be3 e6 7. Qd2 Rb8 8. Nge2
Nd4 9. Nc1 b5 10. O-O b4 11. Nd1 Qa5 12. c3 bxc3 13. bxc3 Nc6 14. f4 Nge7 15.
f5 exf5 16. Bh6 Be5 17. Ne2 fxe4 18. dxe4 Be6 19. Ne3 Ng8 20. Bf4 Nd4 21. Bxe5
dxe5 22. Nd5 Bxd5 23. exd5 Nf5 24. d6 Qd8 25. Bc6+ Kf8 26. Rad1 Nf6 27. Rxf5
gxf5 28. Qh6+ Kg8 29. Qg5+ Kf8 30. Qh6+ Kg8 1/2-1/2

[Event "Benidorm 2003 - sub2300"]
[Site "Benidorm ESP"]
[Date "2003.11.25"]
[Round "6.48"]
[White "Nunez Garcia, Alberto"]
[Black "Garcia Gonzalez, Fernando"]
[Result "1/2-1/2"]
[WhiteElo "2205"]
[BlackElo "2129"]
[PlyCount "92"]
[EventDate "2003.11.21"]
[EventType "swiss"]
[EventRounds "9"]
[EventCountry "ESP"]
[Source "lmi"]
[SourceDate "2003.11.21"]

1. e4 e6 2. d4 b6 3. Nc3 Bb7 4. Bd3 Nf6 5. Nge2 c5 6. f3 d5 7. Bb5+ Nc6 8. Bg5
Be7 9. dxc5 dxe4 10. Bxf6 Bxf6 11. Nxe4 O-O 12. Qxd8 Raxd8 13. Nxf6+ gxf6 14.
Bxc6 Bxc6 15. cxb6 axb6 16. Rd1 Rxd1+ 17. Kxd1 Rd8+ 18. Kc1 Rd5 19. Rd1 Rg5 20.
Ng3 f5 21. Rd2 h5 22. f4 Rg6 23. Nxh5 Rh6 24. Ng3 Rxh2 25. c4 Rh4 26. Rf2 Rg4
27. Nf1 Rxg2 28. Rxg2+ Bxg2 29. Ng3 Kf8 30. Kd2 Ke7 31. Ke3 Kd6 32. Kd4 f6 33.
b4 e5+ 34. Ke3 Ke6 35. a3 Bb7 36. Ne2 Ba6 37. Kd3 Bb7 38. Nc3 Kd6 39. Na4 Be4+
40. Ke3 Kc6 41. Nc3 Bg2 42. Kf2 Bh1 43. Kg1 Bf3 44. Kf2 Bh1 45. Ke3 Bg2 46. Kf2
Bh1 1/2-1/2

[Event "Benidorm 2003 - sub2300"]
[Site "Benidorm ESP"]
[Date "2003.11.25"]
[Round "6.50"]
[White "Morales Camacho, Julian"]
[Black "Ginsburg, Natan"]
[Result "1-0"]
[WhiteElo "2183"]
[BlackElo "2118"]
[PlyCount "91"]
[EventDate "2003.11.21"]
[EventType "swiss"]
[EventRounds "9"]
[EventCountry "ESP"]
[Source "lmi"]
[SourceDate "2003.11.21"]

1. Nf3 f5 2. g3 Nf6 3. Bg2 d6 4. d4 g6 5. b4 Bg7 6. Bb2 O-O 7. O-O Qe8 8. Nbd2
h6 9. c4 c6 10. Qc2 g5 11. e4 f4 12. gxf4 gxf4 13. e5 Nh7 14. Rfe1 d5 15. cxd5
cxd5 16. Qb3 Be6 17. Nh4 Qf7 18. Kh1 Ng5 19. Qd3 Nc6 20. a3 Qh5 21. Ndf3 Ne4
22. Re2 a6 23. Rd1 Rad8 24. Rg1 Bf5 25. Nxf5 Qxf5 26. Qb3 Qh5 27. Rxe4 e6 28.
Ree1 Ne7 29. Nd2 Nf5 30. Qh3 Qe8 31. Bf3 Rc8 32. Rc1 Qb5 33. Bg4 Rxc1 34. Rxc1
Qb6 35. Nb3 Kh7 36. Nc5 Qc6 37. Ra1 b6 38. Nd3 Qc2 39. Bd1 Qd2 40. Qf3 Ne7 41.
Bb3 Ng6 42. Rd1 Nh4 43. Qg4 Qxd1+ 44. Bxd1 Ng6 45. Bc2 Rf5 46. Nxf4 1-0

[Event "Benidorm 2003 - sub2300"]
[Site "Benidorm ESP"]
[Date "2003.11.25"]
[Round "6.51"]
[White "Le Pape, Valery"]
[Black "Torres Samper, Rafael"]
[Result "0-1"]
[WhiteElo "2180"]
[BlackElo "2119"]
[PlyCount "60"]
[EventDate "2003.11.21"]
[EventType "swiss"]
[EventRounds "9"]
[EventCountry "ESP"]
[Source "lmi"]
[SourceDate "2003.11.21"]

1. c4 f5 2. g3 Nf6 3. Bg2 e6 4. Nf3 Be7 5. O-O O-O 6. Nc3 d6 7. d3 c6 8. e4 e5
9. c5 h6 10. Qb3+ Kh7 11. exf5 d5 12. Nxe5 Bxc5 13. g4 Re8 14. Bf4 Nxg4 15.
Nxg4 Qh4 16. Rae1 Rxe1 17. Rxe1 Qxg4 18. Bg3 Nd7 19. Nxd5 cxd5 20. Qxd5 Qd4 21.
Qf7 Qf6 22. Qh5 Nb6 23. Bh4 Bxf2+ 24. Bxf2 Bxf5 25. Qxf5+ Qxf5 26. Be4 Qxe4 27.
Rxe4 Nd5 28. Rd4 Rd8 29. Bh4 Rd7 30. Kg2 Ne3+ 0-1

[Event "Benidorm 2003 - sub2300"]
[Site "Benidorm ESP"]
[Date "2003.11.25"]
[Round "6.52"]
[White "Mollero, Michele"]
[Black "Plaza Pardo, Daniel"]
[Result "1-0"]
[WhiteElo "2179"]
[BlackElo "2091"]
[PlyCount "83"]
[EventDate "2003.11.21"]
[EventType "swiss"]
[EventRounds "9"]
[EventCountry "ESP"]
[Source "lmi"]
[SourceDate "2003.11.21"]

1. e4 c5 2. Nf3 Nc6 3. d4 cxd4 4. Nxd4 Nf6 5. Nc3 e5 6. Nb3 Bb4 7. Bd2 Bxc3 8.
Bxc3 Nxe4 9. Qg4 d5 10. Qxg7 Qf6 11. Qxf6 Nxf6 12. O-O-O O-O 13. Bb5 d4 14. Be1
Be6 15. f4 Bg4 16. fxe5 Bxd1 17. exf6 Bh5 18. Bxc6 bxc6 19. Nxd4 Rfd8 20. Bc3
c5 21. Nf5 Rd7 22. g4 Bg6 23. Ne7+ Kh8 24. Re1 Rf8 25. h4 h6 26. h5 Bh7 27. b3
Rd6 28. Re5 c4 29. g5 hxg5 30. Rxg5 cxb3 31. axb3 Re6 32. Rg7 Be4 33. Ng6+ fxg6
34. f7 Rxf7 35. Rxf7+ Kg8 36. Rg7+ Kf8 37. h6 g5 38. h7 Bxh7 39. Rxh7 a6 40.
Rh5 Rg6 41. Bd2 Rf6 42. Rxg5 1-0

[Event "Benidorm 2003 - sub2300"]
[Site "Benidorm ESP"]
[Date "2003.11.25"]
[Round "6.53"]
[White "Khazankin, Moisei"]
[Black "Strekalovski, Viktor"]
[Result "0-1"]
[WhiteElo "2040"]
[BlackElo "2177"]
[PlyCount "58"]
[EventDate "2003.11.21"]
[EventType "swiss"]
[EventRounds "9"]
[EventCountry "ESP"]
[Source "lmi"]
[SourceDate "2003.11.21"]

1. b3 e5 2. Bb2 Nc6 3. c4 d6 4. g3 f5 5. e3 Nf6 6. d4 Bd7 7. a3 Qe7 8. d5 Nd8
9. Ne2 Nf7 10. h4 g6 11. Nbc3 Bg7 12. Qc2 O-O 13. Bg2 a6 14. f3 Rac8 15. e4 Bh6
16. Bc1 fxe4 17. Nxe4 Nxe4 18. fxe4 Bg4 19. Bxh6 Nxh6 20. Qd2 Kg7 21. Qe3 c6
22. Qd3 c5 23. Kd2 Bd7 24. Raf1 b5 25. Rxf8 Rxf8 26. Rf1 bxc4 27. bxc4 Rb8 28.
Rb1 Rxb1 29. Qxb1 Ba4 0-1

[Event "Benidorm 2003 - sub2300"]
[Site "Benidorm ESP"]
[Date "2003.11.25"]
[Round "6.54"]
[White "Penillas Mendez, Ismael"]
[Black "Sarto Ramos, Angel"]
[Result "0-1"]
[WhiteElo "2176"]
[BlackElo "2067"]
[PlyCount "68"]
[EventDate "2003.11.21"]
[EventType "swiss"]
[EventRounds "9"]
[EventCountry "ESP"]
[Source "lmi"]
[SourceDate "2003.11.21"]

1. e4 d6 2. d4 c6 3. Nc3 g6 4. Be3 Bg7 5. Qd2 b5 6. f3 a5 7. Bd3 Nd7 8. a3 Bb7
9. Nge2 Nb6 10. h4 h5 11. Ng3 Nc4 12. Bxc4 bxc4 13. f4 Nh6 14. O-O-O Ng4 15.
Nf1 d5 16. Nh2 Bc8 17. Nxg4 Bxg4 18. Rdf1 e6 19. e5 Bf8 20. Na2 Be7 21. g3 Qb6
22. Qc3 Rb8 23. Bd2 O-O 24. Kb1 Rb7 25. Ka1 c5 26. Be3 Rfb8 27. Rb1 cxd4 28.
Bxd4 Bc5 29. Bg1 Bf5 30. b4 axb4 31. axb4 Bxg1 32. Rhxg1 Ra8 33. Rg2 Rba7 34.
Rb2 Ra3 0-1

[Event "Benidorm 2003 - sub2300"]
[Site "Benidorm ESP"]
[Date "2003.11.25"]
[Round "6.55"]
[White "Martin Martin, Luis Vicente"]
[Black "Yanez Acin, Gonzalo"]
[Result "1-0"]
[WhiteElo "2168"]
[BlackElo "2014"]
[PlyCount "49"]
[EventDate "2003.11.21"]
[EventType "swiss"]
[EventRounds "9"]
[EventCountry "ESP"]
[Source "lmi"]
[SourceDate "2003.11.21"]

1. e4 Nf6 2. e5 Nd5 3. d4 d6 4. Nf3 Bg4 5. h3 Bh5 6. c4 Nb6 7. g4 Bg6 8. e6 h6
9. Bd3 Bxd3 10. exf7+ Kxf7 11. Qxd3 e6 12. Nc3 Be7 13. d5 Qd7 14. Nd4 e5 15.
Ne6 Na6 16. f4 Bh4+ 17. Kd1 exf4 18. Bxf4 Rae8 19. Rf1 Bf6 20. Be3 c5 21. Ne4
Nb4 22. Nxf6 gxf6 23. Qf5 Qe7 24. Qh5+ Kg8 25. Qg6+ 1-0

[Event "Benidorm 2003 - sub2300"]
[Site "Benidorm ESP"]
[Date "2003.11.25"]
[Round "6.56"]
[White "Vazquez Gonzalez, Francisco"]
[Black "Gonzalez Aguirre, Luis"]
[Result "1-0"]
[WhiteElo "2123"]
[BlackElo "2241"]
[PlyCount "107"]
[EventDate "2003.11.21"]
[EventType "swiss"]
[EventRounds "9"]
[EventCountry "ESP"]
[Source "lmi"]
[SourceDate "2003.11.21"]

1. e4 c6 2. d4 d5 3. Nc3 dxe4 4. Nxe4 Bf5 5. Ng3 Bg6 6. Nf3 Nd7 7. h4 h6 8. Bd3
Bxd3 9. Qxd3 Qc7 10. Bd2 e6 11. O-O-O Ngf6 12. Kb1 O-O-O 13. Ne4 Be7 14. g3
Nxe4 15. Qxe4 Rhe8 16. c4 c5 17. Be3 Nf6 18. Qc2 Ng4 19. Bf4 Bd6 20. Bxd6 Rxd6
21. dxc5 Rxd1+ 22. Rxd1 Qxc5 23. Rd4 Ne5 24. Qa4 Re7 25. b4 Qc7 26. Qxa7 Nc6
27. Qa8+ Qb8 28. Qxb8+ Kxb8 29. Rd2 Nxb4 30. Kb2 Nc6 31. Kc3 e5 32. Rd5 e4 33.
Nd4 e3 34. fxe3 Rxe3+ 35. Kd2 Rxg3 36. Nxc6+ bxc6 37. Rd7 Rg2+ 38. Kc3 Rxa2 39.
Rxf7 Ra7 40. Rf8+ Kb7 41. Kb4 Kb6 42. c5+ Ka6 43. Rc8 Rb7+ 44. Kc4 Rf7 45.
Rxc6+ Ka5 46. Rg6 Re7 47. h5 Rf7 48. Kd5 Kb5 49. Rb6+ Ka5 50. Rb1 Rf5+ 51. Kd6
Ka6 52. c6 g5 53. c7 Rf6+ 54. Ke7 1-0

[Event "Benidorm 2003 - sub2300"]
[Site "Benidorm ESP"]
[Date "2003.11.25"]
[Round "6.57"]
[White "Larios Crespo, Manuel"]
[Black "Andersen, Alf R"]
[Result "0-1"]
[WhiteElo "2122"]
[BlackElo "2192"]
[PlyCount "44"]
[EventDate "2003.11.21"]
[EventType "swiss"]
[EventRounds "9"]
[EventCountry "ESP"]
[Source "lmi"]
[SourceDate "2003.11.21"]

1. e4 c5 2. Nf3 d6 3. d4 cxd4 4. Nxd4 Nf6 5. Nc3 g6 6. Be3 Bg7 7. f3 Nc6 8. Qd2
O-O 9. O-O-O Bd7 10. g4 Rc8 11. h4 Ne5 12. h5 Nxf3 13. Nxf3 Bxg4 14. Be2 Bxh5
15. Nd4 Bxe2 16. Ndxe2 Ng4 17. Bd4 Ne5 18. Qe3 Nc4 19. Qh3 h5 20. Rdg1 e5 21.
Nf4 h4 22. Ne6 exd4 0-1

[Event "Benidorm 2003 - sub2300"]
[Site "Benidorm ESP"]
[Date "2003.11.25"]
[Round "6.59"]
[White "Borras Duran, Pere"]
[Black "Straub, Peter"]
[Result "1-0"]
[WhiteElo "2170"]
[BlackElo "2128"]
[PlyCount "39"]
[EventDate "2003.11.21"]
[EventType "swiss"]
[EventRounds "9"]
[EventCountry "ESP"]
[Source "lmi"]
[SourceDate "2003.11.21"]

1. d4 Nf6 2. Bf4 e6 3. e3 c5 4. c3 cxd4 5. exd4 Qb6 6. Qb3 Qxb3 7. axb3 Nc6 8.
Na3 Bxa3 9. Rxa3 Ke7 10. b4 d6 11. Nf3 Nh5 12. Bc1 e5 13. b5 Nd8 14. dxe5 dxe5
15. Nxe5 Kf6 16. Nc4 Re8+ 17. Be2 Bf5 18. Nd6 Re6 19. Nxf5 Kxf5 20. g4+ 1-0

[Event "Benidorm 2003 - sub2300"]
[Site "Benidorm ESP"]
[Date "2003.11.25"]
[Round "6.60"]
[White "Montell Zabay, Alberto"]
[Black "Debitsch, Rasmus"]
[Result "1/2-1/2"]
[WhiteElo "2163"]
[BlackElo "2124"]
[PlyCount "65"]
[EventDate "2003.11.21"]
[EventType "swiss"]
[EventRounds "9"]
[EventCountry "ESP"]
[Source "lmi"]
[SourceDate "2003.11.21"]

1. e4 d5 2. exd5 Nf6 3. d4 Nxd5 4. c4 Nb6 5. Nf3 g6 6. Nc3 Bg7 7. h3 O-O 8. Be3
Nc6 9. Be2 e5 10. d5 Ne7 11. Qd2 Nf5 12. c5 Nxe3 13. fxe3 Nd7 14. c6 Nc5 15.
cxb7 Bxb7 16. e4 f5 17. O-O-O Nxe4 18. Nxe4 fxe4 19. Nh2 Qd6 20. Kb1 Ba6 21.
Bxa6 Qxa6 22. Qe3 Rab8 23. Ng4 h5 24. Nf2 Bh6 25. Qxh6 Rxf2 26. Rd2 Rxd2 27.
Qxd2 Qd3+ 28. Qxd3 exd3 29. Re1 Re8 30. Re4 Kf7 31. Kc1 Kf6 32. Kd2 Kf5 33.
Kxd3 1/2-1/2

[Event "Benidorm 2003 - sub2300"]
[Site "Benidorm ESP"]
[Date "2003.11.25"]
[Round "6.61"]
[White "Saldana Caballe, Enric"]
[Black "Fabre Massana, Miquel"]
[Result "1/2-1/2"]
[WhiteElo "2111"]
[BlackElo "2159"]
[PlyCount "56"]
[EventDate "2003.11.21"]
[EventType "swiss"]
[EventRounds "9"]
[EventCountry "ESP"]
[Source "lmi"]
[SourceDate "2003.11.21"]

1. e4 c5 2. Nf3 Nc6 3. Bb5 Nd4 4. Nxd4 cxd4 5. c3 a6 6. Ba4 b5 7. Bc2 Qb6 8.
cxd4 Qxd4 9. Nc3 Bb7 10. Ne2 Qb6 11. d4 Nf6 12. Ng3 g6 13. O-O Rc8 14. Be3 Bg7
15. Rc1 O-O 16. Qe2 h5 17. f3 e6 18. Qd2 Qa7 19. Ne2 d5 20. e5 Nd7 21. Bh6 Nxe5
22. Kh1 Nc4 23. Qg5 Bc6 24. Bxg7 Kxg7 25. b3 Na3 26. Nf4 Nxc2 27. Nxh5+ Kh7 28.
Nf6+ Kg7 1/2-1/2

[Event "Benidorm 2003 - sub2300"]
[Site "Benidorm ESP"]
[Date "2003.11.25"]
[Round "6.63"]
[White "Pizarro Segura, Eduardo"]
[Black "Carrasco Sagredo, Manuel"]
[Result "1-0"]
[WhiteElo "2147"]
[BlackElo "2086"]
[PlyCount "71"]
[EventDate "2003.11.21"]
[EventType "swiss"]
[EventRounds "9"]
[EventCountry "ESP"]
[Source "lmi"]
[SourceDate "2003.11.21"]

1. d4 h6 2. Nf3 d6 3. g3 g5 4. Bg2 Bg7 5. Qd3 c5 6. dxc5 Qa5+ 7. Nc3 Nc6 8. O-O
Qxc5 9. Be3 Qa5 10. Nd4 Bd7 11. Nb3 Qf5 12. Qxf5 Bxf5 13. Nb5 Rc8 14. c3 a6 15.
Na7 Nxa7 16. Bxa7 Nf6 17. Bxb7 Rc7 18. Na5 Nd7 19. Be3 O-O 20. Bg2 Nc5 21. Bd4
e5 22. Bxc5 dxc5 23. e4 Be6 24. Rfd1 Rb8 25. b3 Rb5 26. Nc4 Bxc4 27. bxc4 Ra5
28. a4 Rb7 29. Bh3 Kf8 30. Rd7 Rb6 31. Ra7 Ke8 32. Rd1 Bf8 33. Rdd7 Rxa4 34.
Rxf7 Rxc4 35. Bf5 Bd6 36. Be6 1-0

[Event "Benidorm 2003 - sub2300"]
[Site "Benidorm ESP"]
[Date "2003.11.25"]
[Round "6.64"]
[White "Gomez Benitez, David"]
[Black "Garcia Gata, Jorge David"]
[Result "1-0"]
[WhiteElo "2139"]
[BlackElo "2055"]
[PlyCount "27"]
[EventDate "2003.11.21"]
[EventType "swiss"]
[EventRounds "9"]
[EventCountry "ESP"]
[Source "lmi"]
[SourceDate "2003.11.21"]

1. e4 c5 2. Nc3 Nc6 3. Bb5 g6 4. Nf3 Nd4 5. Bc4 Bg7 6. Nxd4 cxd4 7. Qf3 e6 8.
Nb5 d6 9. Qa3 Be5 10. c3 dxc3 11. d4 cxb2 12. Bxb2 Bf4 13. e5 Ne7 14. exd6 1-0

[Event "Benidorm 2003 - sub2300"]
[Site "Benidorm ESP"]
[Date "2003.11.25"]
[Round "6.65"]
[White "Christensen, Esben"]
[Black "Massa, Giovanni"]
[Result "1-0"]
[WhiteElo "2083"]
[BlackElo "2136"]
[PlyCount "47"]
[EventDate "2003.11.21"]
[EventType "swiss"]
[EventRounds "9"]
[EventCountry "ESP"]
[Source "lmi"]
[SourceDate "2003.11.21"]

1. e4 c5 2. Nf3 e6 3. d4 cxd4 4. Nxd4 Nf6 5. Bd3 d6 6. O-O a6 7. a4 b6 8. Kh1
Be7 9. f4 Qc7 10. Nc3 O-O 11. Qe1 Bb7 12. Qg3 Nc6 13. Nf3 Nb4 14. e5 dxe5 15.
fxe5 Nh5 16. Qh3 Nxd3 17. cxd3 g6 18. Ne4 Bxe4 19. dxe4 Rac8 20. Bh6 Rfd8 21.
g4 Ng7 22. Bg5 Rd7 23. Bxe7 Rxe7 24. Qh6 1-0

[Event "Benidorm 2003 - sub2300"]
[Site "Benidorm ESP"]
[Date "2003.11.25"]
[Round "6.66"]
[White "Beitia Amador, Ernest"]
[Black "Gomez Cerezo, Diego Jesus"]
[Result "1/2-1/2"]
[WhiteElo "2073"]
[BlackElo "2135"]
[PlyCount "45"]
[EventDate "2003.11.21"]
[EventType "swiss"]
[EventRounds "9"]
[EventCountry "ESP"]
[Source "lmi"]
[SourceDate "2003.11.21"]

1. e4 e5 2. Nf3 Nc6 3. Bc4 Bc5 4. Nc3 Nf6 5. d3 h6 6. O-O d6 7. Na4 Bb6 8. c3
Na5 9. Bb5+ Bd7 10. Bxd7+ Qxd7 11. Nxb6 axb6 12. b4 Nc6 13. Bb2 O-O 14. a4 Rfe8
15. Re1 Ne7 16. Qb3 Ng6 17. Bc1 Nh5 18. h3 Nhf4 19. Bxf4 Nxf4 20. Re3 Re6 21.
Kh2 Rg6 22. Nh4 Rg5 23. Qd1 1/2-1/2

[Event "Benidorm 2003 - sub2300"]
[Site "Benidorm ESP"]
[Date "2003.11.25"]
[Round "6.67"]
[White "Carrascosa Campos, Juan Luis"]
[Black "Pons Servera, Cristobal"]
[Result "0-1"]
[WhiteElo "2006"]
[BlackElo "2133"]
[PlyCount "96"]
[EventDate "2003.11.21"]
[EventType "swiss"]
[EventRounds "9"]
[EventCountry "ESP"]
[Source "lmi"]
[SourceDate "2003.11.21"]

1. d4 Nf6 2. Nf3 d5 3. e3 Bf5 4. c4 e6 5. Qb3 Nc6 6. Bd2 Bxb1 7. Rxb1 Rb8 8.
cxd5 exd5 9. Bb5 Bd6 10. Qc2 O-O 11. Bxc6 bxc6 12. Qxc6 Ne4 13. O-O Rb6 14. Qc2
Qf6 15. Bc3 Rfb8 16. Bd2 g5 17. Bc3 g4 18. Ne5 Qh4 19. g3 Qh3 20. f3 gxf3 21.
Rxf3 Bxe5 22. dxe5 Rh6 23. Rbf1 Ng5 24. Rf4 c5 25. Qg2 Rb7 26. Kh1 Qxg2+ 27.
Kxg2 Ne6 28. Rf6 Rg6 29. Rd1 Rd7 30. Rf2 Rg4 31. Rfd2 d4 32. exd4 cxd4 33. Bb4
Re4 34. Bd6 f6 35. Rc1 fxe5 36. Bb4 Nc7 37. Rf2 d3 38. Ba5 Nb5 39. Kf3 Ra4 40.
Bc3 Nxc3 41. bxc3 Rf7+ 42. Ke3 Rxf2 43. Kxf2 Re4 44. Rd1 Re2+ 45. Kf3 e4+ 46.
Kf4 d2 47. c4 e3 48. c5 Re1 0-1

[Event "Benidorm 2003 - sub2300"]
[Site "Benidorm ESP"]
[Date "2003.11.25"]
[Round "6.68"]
[White "Muelas Cerezuela, Jose"]
[Black "Andres Julia, Vicente Ramon"]
[Result "0-1"]
[WhiteElo "2128"]
[BlackElo "2047"]
[PlyCount "122"]
[EventDate "2003.11.21"]
[EventType "swiss"]
[EventRounds "9"]
[EventCountry "ESP"]
[Source "lmi"]
[SourceDate "2003.11.21"]

1. Nf3 d6 2. c4 e5 3. d4 e4 4. Nfd2 f5 5. e3 Nf6 6. Nc3 c6 7. f3 d5 8. Qb3 Be7
9. Be2 Qb6 10. Qxb6 axb6 11. cxd5 cxd5 12. fxe4 fxe4 13. O-O O-O 14. Rxf6 Bxf6
15. Nxd5 Bf5 16. Bc4 Kh8 17. Nc7 Ra7 18. Nb5 Ra8 19. Nd6 Bg6 20. N6xe4 Nc6 21.
Nc3 Nb4 22. Nf3 Rae8 23. Bb3 Bf7 24. Bxf7 Rxf7 25. Bd2 Nc2 26. Rc1 Nxe3 27.
Bxe3 Rxe3 28. Nd5 Re8 29. Nxb6 Rd8 30. b4 h6 31. Rd1 Rd6 32. Nc4 Rd5 33. Nb6
Rb5 34. Nc4 Rd7 35. a3 Rbd5 36. a4 Bxd4+ 37. Kf1 Bc3 38. Rxd5 Rxd5 39. b5 Rd1+
40. Ke2 Ra1 41. Nd6 b6 42. Nc4 Ba5 43. Nd4 Rxa4 44. Kd3 Rb4 45. Ne3 Rb2 46. Kc4
Kg8 47. Kd5 Bc3 48. Ne6 Rxb5+ 49. Kd6 Rb2 50. Nd5 Bf6 51. Nef4 Bg5 52. Nd3 Rxg2
53. Kc6 Rxh2 54. Nxb6 h5 55. Kd5 Re2 56. Na4 h4 57. Nc3 Re3 58. Kd4 h3 59. Nf2
Rf3 60. Ncd1 Bh4 61. Ng4 Rf4+ 0-1

[Event "Benidorm 2003 - sub2300"]
[Site "Benidorm ESP"]
[Date "2003.11.25"]
[Round "6.69"]
[White "Ingunza Lopez, Txema"]
[Black "Martin Blanco, Fernando"]
[Result "1/2-1/2"]
[WhiteElo "1997"]
[BlackElo "2128"]
[PlyCount "54"]
[EventDate "2003.11.21"]
[EventType "swiss"]
[EventRounds "9"]
[EventCountry "ESP"]
[Source "lmi"]
[SourceDate "2003.11.21"]

1. e4 e6 2. d4 d5 3. Nd2 c5 4. exd5 Qxd5 5. Ngf3 cxd4 6. Bc4 Qd8 7. O-O Nc6 8.
Nb3 Nf6 9. Nbxd4 Nxd4 10. Nxd4 Qc7 11. Bb3 Bd6 12. h3 a6 13. Qe2 O-O 14. Bg5
Bh2+ 15. Kh1 Be5 16. c3 h6 17. Nf3 Bd6 18. Bxf6 gxf6 19. Rad1 Kg7 20. Rd4 f5
21. Rfd1 Be7 22. R4d3 b5 23. Ne5 Bf6 24. Nd7 Bxd7 25. Rxd7 Qe5 26. Qxe5 Bxe5
27. Bxe6 Kf6 1/2-1/2

[Event "Benidorm 2003 - sub2300"]
[Site "Benidorm ESP"]
[Date "2003.11.25"]
[Round "6.70"]
[White "Peters, Paul"]
[Black "Moreno de la Fuente, Jose A"]
[Result "0-1"]
[WhiteElo "1987"]
[BlackElo "2128"]
[PlyCount "80"]
[EventDate "2003.11.21"]
[EventType "swiss"]
[EventRounds "9"]
[EventCountry "ESP"]
[Source "lmi"]
[SourceDate "2003.11.21"]

1. Nc3 c5 2. Nf3 Nf6 3. d4 cxd4 4. Nxd4 e6 5. g3 Bb4 6. Bd2 Qb6 7. e3 Nc6 8.
Nde2 Ne5 9. Bg2 Nc4 10. Rb1 O-O 11. O-O d5 12. a3 Be7 13. Bc1 Rd8 14. b4 Bd7
15. e4 dxe4 16. Nxe4 Ba4 17. Nd2 Qd6 18. Nc3 Nxd2 19. Bxd2 Be8 20. Bf4 Qa6 21.
Qc1 Rac8 22. Qb2 Qc4 23. Be5 Ng4 24. Bxg7 Kxg7 25. Nd5+ Bf6 26. Nxf6 Nxf6 27.
Qe5 Qxc2 28. Bxb7 Rb8 29. Rbc1 Qg6 30. Rc7 Qh5 31. Qc3 Rd1 32. Bf3 Rxf1+ 33.
Kxf1 Qh3+ 34. Kg1 Qf5 35. Rc5 Qb1+ 36. Kg2 h6 37. Bc6 Bxc6+ 38. Rxc6 Qe4+ 39.
Kg1 Rd8 40. Qc1 Qf3 0-1

[Event "Benidorm 2003 - sub2300"]
[Site "Benidorm ESP"]
[Date "2003.11.25"]
[Round "6.71"]
[White "Coves Sepulcre, Laureano"]
[Black "Vicente Torrecillas, Fran"]
[Result "0-1"]
[WhiteElo "1957"]
[BlackElo "2128"]
[PlyCount "155"]
[EventDate "2003.11.21"]
[EventType "swiss"]
[EventRounds "9"]
[EventCountry "ESP"]
[Source "lmi"]
[SourceDate "2003.11.21"]

1. Nf3 d6 2. g3 e5 3. d3 f5 4. Bg2 Nf6 5. c4 Nc6 6. Nc3 Be7 7. Rb1 O-O 8. O-O
a6 9. b4 Qe8 10. e4 fxe4 11. dxe4 Bg4 12. h3 Qh5 13. hxg4 Nxg4 14. Nh4 Bxh4 15.
Bh3 Bxg3 16. Qxg4 Qxg4 17. Bxg4 Bf4 18. Ne2 Bxc1 19. Rfxc1 g6 20. c5 Rf6 21. a4
Raf8 22. Rf1 a5 23. b5 Nb4 24. cxd6 cxd6 25. Rb3 h5 26. Bh3 Kg7 27. Rg3 Kh6 28.
Nc3 h4 29. Rg4 Kh5 30. f4 exf4 31. Nd5 Nxd5 32. exd5 g5 33. Re1 Rf5 34. Re7
Rxd5 35. Rg7 Re8 36. Rg2 Rd1+ 37. Kh2 Rd5 38. Rxb7 Rd4 39. Rg7 Re5 40. b6 Rb4
41. b7 f3 42. Bg4+ Kh6 43. Rg8 Rxb7 44. Bxf3 Rb4 45. Bc6 Rf4 46. Rd8 d5 47. Rd2
Rc4 48. Bb5 Rc5 49. Ra8 g4 50. Rxa5 Rc1 51. Ra8 Ree1 52. Rh8+ Kg7 53. Rxh4 Rh1+
54. Kg3 Rcg1+ 55. Kf2 g3+ 56. Kf3 Rxh4 57. Rxd5 Rb4 58. Rd2 Kf6 59. Bc6 Rb3+
60. Kg4 Ra3 61. Rc2 Ke5 62. Rg2 Rxa4+ 63. Kxg3 Rxg2+ 64. Kxg2 Ra3 65. Kf2 Rh3
66. Bb7 Kf4 67. Ke2 Re3+ 68. Kd2 Rb3 69. Bc6 Ke5 70. Ke2 Rc3 71. Bb7 Kd4 72.
Kf2 Re3 73. Bc6 Kd3 74. Bb7 Re7 75. Bd5 Re5 76. Bb7 Rf5+ 77. Kg3 Rf7 78. Bc6
0-1

[Event "Benidorm 2003 - sub2300"]
[Site "Benidorm ESP"]
[Date "2003.11.25"]
[Round "6.72"]
[White "Nicolaisen, Erik"]
[Black "Alvarez Escudero, Manuel"]
[Result "1/2-1/2"]
[WhiteElo "2020"]
[BlackElo "2136"]
[PlyCount "41"]
[EventDate "2003.11.21"]
[EventType "swiss"]
[EventRounds "9"]
[EventCountry "ESP"]
[Source "lmi"]
[SourceDate "2003.11.21"]

1. e4 e5 2. Nf3 Nc6 3. Nc3 d6 4. d4 Bg4 5. Be3 exd4 6. Bxd4 Nxd4 7. Qxd4 Bxf3
8. gxf3 Qf6 9. Qa4+ c6 10. O-O-O g6 11. Nd5 Qd8 12. e5 Bh6+ 13. Kb1 b5 14. Bxb5
cxb5 15. Qxb5+ Kf8 16. exd6 Qxd6 17. Rhe1 Kg7 18. Qb7 Rb8 19. Qxa7 Nf6 20. Nc7
Qb4 21. Ne6+ 1/2-1/2

[Event "Benidorm 2003 - sub2300"]
[Site "Benidorm ESP"]
[Date "2003.11.25"]
[Round "6.73"]
[White "Carretero Ajo, Jesus"]
[Black "Alonso Jimenez, Joan"]
[Result "1-0"]
[WhiteElo "2110"]
[BlackElo "2072"]
[PlyCount "67"]
[EventDate "2003.11.21"]
[EventType "swiss"]
[EventRounds "9"]
[EventCountry "ESP"]
[Source "lmi"]
[SourceDate "2003.11.21"]

1. e4 e5 2. Nc3 Nc6 3. f4 exf4 4. Nf3 g5 5. d4 d6 6. Bc4 Bh6 7. O-O Bg4 8. Bb5
a6 9. Be2 Qd7 10. Nd5 Nce7 11. h4 f6 12. Qe1 Nxd5 13. exd5 O-O-O 14. Qa5 Ne7
15. a4 Qf5 16. c4 Bxf3 17. Rxf3 Qe4 18. Qd2 Nf5 19. Rd3 Nxh4 20. Bh5 Rhg8 21.
Bf7 Rg7 22. Be6+ Kb8 23. Raa3 g4 24. Qf2 g3 25. Qf1 Bg5 26. Rab3 Rg6 27. c5 c6
28. dxc6 Qxe6 29. Rxb7+ Kc8 30. Re3 Qd5 31. Rb6 Qxg2+ 32. Qxg2 Nxg2 33. Re7
dxc5 34. Rxa6 1-0